Biggest Cities that Border the Atlantic Ocean - Statistics

General Stats
  • This quiz has been taken 82 times
  • The average score is 14 of 20
Answer Stats
Country Population Answer % Correct
Argentina 16 mill Buenos Aires
97%
Nigeria 17.6 mill Lagos
95%
Portugal 2.55 mill Lisbon
92%
USA 6.2 mill Miami
91%
USA 7.55 mill Boston
89%
USA 22.2 mill New York City
89%
South Africa 4.05 mill Cape Town
88%
Morocco 4.225 mill Casablanca
88%
Brazil 12.7 mill Rio de Janeiro
85%
Angola 7.45 mill Luanda
78%
Ghana 4.7 mill Accra
77%
Côte d'Ivoire 5.2 mill Abidjan
62%
Guinea 2.3 mill Conakry
58%
Brazil 3.77 mill Recife
55%
Brazil 3.62 mill Fortaleza
51%
Brazil 3.67 mill Salvador
50%
Brazil 4.07 mill Porto Alegre
49%
USA 8.4 mill Washington D.C
46%
Cameroon 3 mill Douala
41%
Brazil 2.15 mill Belém
39%
No matching quizzes found
Score Distribution
Percent of People with Each Score
Percentile by Number Answered
Your Score History
You have not taken this quiz